000 00980cam a2200253 4500
008 000000n1999 000 0 eng u
020 _a1840148349
035 _a(Sirsi) u104043
050 _a352.5
100 _aDeakin, Mark
_xeditor
245 _aLocal authority property management : initiatives, strategies, re-organisation and reform.
260 _aAldershot, Hants
_bAshgate Publishing
_c1999
300 _axiv, 322p. ; 23cm.
350 _a42.50
520 _aThis collection of articles focuses on post-Audit Commission developments in local authority property management. Initiatives and strategies for better standards of property management are examined along with the pressure to rationalize in response to local government reform.
650 _aLOCAL AUTHORITIES
650 _aVALUATIONS
650 _aAUDITS
650 _aMANAGEMENT
650 _aPUBLIC FINANCE
650 _aLOCAL GOVERNMENT
690 _aPROPERTY MANAGEMENT
_96262
942 _n0
999 _c100200
_d100200